Quizzes
Events
Quiz Creation
Community
Videos
Private Events
Remove Ads
Sign In
Join for FREE
Feedback
Dark Mode
Quiz Categories
Sports
Geography
Music
Movies
Television
Just For Fun
Miscellaneous
History
Literature
Language
Science
Gaming
Entertainment
Religion
Holiday
For Kids
Quiz Lab
Recent
Popular Today
Quiz Kudos Today
Editor Picks
Curator Picks
Quizzes by...
Day
Popularity
Type
Ratings
Length
Year
Community
Subscriptions
Recent Discussions
Orange Saloon
Badges
Playlists
Quests
Create
Leaderboards
Showdown
Live 5
Trivia Bingo
Activity
Puzzle Library
Sporcle Events
Private Events
Virtual Trivia
Globe League
Become a Host
Pub Owners
SporcleCon
Opinionation
Our Games
Videos
Blog
Mobile Apps
Partnerships
Remove Ads and Go Orange
Feedback
Geography
Country
Landmarks
City
State
Population
World
Capital
Continent
Flags
Europe
Africa
Asia
South America
North America
Oceania
Border
Canada
United Kingdom
Topography
United States
Geography
Country
Landmarks
City
State
Population
World
Capital
Continent
Flags
Europe
Africa
Asia
South America
North America
Oceania
Border
Canada
United Kingdom
Topography
United States
Random Quiz
Search Sporcle
×
Quiz Lab
Quiz Lab
Geography
French
Type in answers that appear in a list
Type in answers that appear in a list
Classic
Best Score? Go Orange.
French Cities by department TOP 3 Stats
Can you name the cities in the top 3 for each department?
By
werdok
20m
298 Questions
2,137 Plays
2,137 Plays
2,137 Plays
Comments
Comments
Give Quiz Kudos
Give Quiz Kudos
-
- Ratings
hide this ad
More Info
Replay
Link that replays current quiz
Next Quiz
Link to next quiz in quiz playlist
You Got
0%
They Got
Avg Score
64%
Avg Friend Score
Upgrade to see
Score Distribution
Jump to the score distribution portion of the page
Score
0/298
Timer
20:00
0
Plays Today
% Correct
NICE
95.7%
MARSEILLE
95.1%
BORDEAUX
94.4%
LYON
94.2%
PARIS
94.1%
TOULOUSE
94%
CAEN
93.9%
BREST
93.8%
LILLE
93.8%
STRASBOURG
93.6%
DIJON
93.4%
RENNES
92.9%
LA ROCHELLE
92.7%
GRENOBLE
92.7%
NIMES
92.6%
MONTPELLIER
92.5%
METZ
92.4%
NANTES
92.3%
AJACCIO
92.3%
SAINT-ETIENNE
91.7%
NANCY
91.7%
TOURS
91.5%
ROUEN
91.1%
BASTIA
91%
TOULON
91%
LE HAVRE
90.7%
PAU
90.7%
LE MANS
90.2%
BESANCON
90%
ORLEANS
89.9%
AMIENS
89.7%
AIX-EN-PROVENCE
89.7%
QUIMPER
89.5%
REIMS
89.5%
PERPIGNAN
89.5%
CLERMONT-FERRAND
89.2%
TROYES
89.1%
SAINT-DENIS
89.1%
SAINT-DENIS
89.1%
ANGERS
89%
CANNES
88.9%
MULHOUSE
88.7%
COLMAR
88.4%
ANNECY
87.9%
VALENCE
87.3%
CARCASSONNE
87.3%
GAP
87.2%
BELFORT
87.2%
VERSAILLES
87.2%
POITIERS
87.1%
CALAIS
86.9%
BOURG-EN-BRESSE
86.7%
AVIGNON
86.6%
VANNES
85.7%
CHAMBERY
85.7%
LIMOGES
85.6%
AUXERRE
84.9%
LORIENT
84.7%
BOURGES
84.6%
NEVERS
84.4%
VILLEURBANNE
84.3%
NIORT
84.3%
TULLE
83.8%
SAINT-BRIEUC
83.7%
ROUBAIX
83.4%
SAINT-MALO
83.2%
MONT-DE-MARSAN
83%
SAINT-LO
82.8%
LAVAL
82.8%
BRIVE-LA-GAILLARDE
82.7%
BAYONNE
82.7%
DUNKERQUE
82.4%
ANGOULEME
82.3%
PERIGUEUX
82.3%
CHATEAUROUX
82.3%
RODEZ
82.1%
BEZIERS
82%
BEAUVAIS
81.7%
EVREUX
81.4%
FOIX
81.3%
CHARTRES
81.2%
TARBES
81.2%
CHARLEVILLE-MEZIERES
81.1%
BLOIS
80.8%
MOULINS
80.7%
CHERBOURG-OCTEVILLE
80.6%
NARBONNE
80.6%
LAON
80.5%
LA ROCHE-SUR-YON
80.5%
ALBI
80.4%
SAINT-NAZAIRE
80.1%
EVRY
80.1%
AURILLAC
79.9%
SEDAN
79.7%
ARRAS
79.1%
MONTAUBAN
78.8%
EPINAL
78.6%
ANTIBES
78.2%
AGEN
78.2%
ARLES
77.9%
% Correct
GUERET
77.2%
MACON
77.2%
SAINT-QUENTIN
77.2%
AUCH
77%
NANTERRE
76.8%
DIGNE-LES-BAINS
76.7%
CRETEIL
76.7%
CHALONS-EN-CHAMPAGNE
76.6%
ALENCON
76.5%
CAHORS
76.1%
VICHY
76.1%
CAYENNE
75.8%
MELUN
75.7%
MENDE
75.3%
FORT-DE-FRANCE
75.2%
LE PUY-EN-VELAY
75.2%
DAX
74.4%
BOULOGNE-SUR-MER
74.4%
SETE
73.7%
LONS-LE-SAUNIER
72.4%
BERGERAC
72.2%
BOULOGNE-BILLANCOURT
72.2%
PORTO-VECCHIO
71.8%
ALES
71.5%
VESOUL
71.4%
CHALON-SUR-SAONE
71.2%
MERIGNAC
71.1%
MONTLUCON
70.9%
MONTELIMAR
69.8%
CHAUMONT
68.8%
HYERES
68.8%
CASTRES
68.5%
MONTBELIARD
68.5%
ORANGE
68.4%
CHOLET
68.3%
DOLE
67.3%
CERGY
67.1%
SAINT-PIERRE
66.8%
BEAUNE
66.8%
BRIANCON
66.7%
PESSAC
66.7%
VERDUN
66.7%
BAR-LE-DUC
66.5%
SAINTES
66.2%
DREUX
66%
MEAUX
66%
COMPIEGNE
65.7%
THIONVILLE
65.6%
VIERZON
65.4%
OYONNAX
65.3%
MILLAU
65.3%
DIEPPE
65.1%
SOISSONS
64.7%
SAINT-PAUL
64.6%
ARGENTEUIL
64.3%
ROANNE
64.2%
COGNAC
63.4%
THONON-LES-BAINS
63.3%
LOURDES
63.2%
ROCHEFORT
63%
MONTREUIL
62.5%
ALBERT
62.2%
AIX-LES-BAINS
62.1%
VENISSIEUX
61.7%
CREIL
61.4%
HAGUENAU
61.4%
SENS
61.2%
SARLAT-LA-CANEDA
60.9%
ABBEVILLE
60.4%
SAUMUR
60%
LISIEUX
59.9%
ALBERTVILLE
59.9%
SAINT-DIE-DES-VOSGES
59.7%
SAINT-DIZIER
59.3%
EPERNAY
59.2%
ANNEMASSE
58.9%
MAYENNE
58.6%
PONTARLIER
57.4%
CARPENTRAS
57.4%
LA SEYNE-SUR-MER
57.2%
FOUGERES
57.1%
SCHILTIGHEIM
57.1%
CONCARNEAU
56.4%
ANGLET
56%
CHATELLERAULT
55.7%
RIOM
55.6%
COLOMIERS
55.4%
COURBEVOIE
55%
MANTES-LA-JOLIE
54.9%
SAINT-LOUIS
54.8%
CASTELNAUDARY
54.6%
JOUE-LES-TOURS
54.4%
SISTERON
53.6%
LANNION
53.5%
AUBENAS
53.5%
ANNONAY
53.3%
MANOSQUE
53.2%
SAINT-FLOUR
52.7%
CONDOM
52.1%
SARCELLES
51.8%
% Correct
LA SOUTERRAINE
51.7%
FIGEAC
51.6%
USSEL
51.5%
SAINT-HERBLAIN
51.5%
ECHIROLLES
51.4%
BORGO
51.3%
PAMIERS
50.6%
MASSY
50.3%
SABLE-SUR-SARTHE
50.3%
VANDOEUVRE-LES-NANCY
50.2%
ROMANS-SUR-ISERE
50%
VILLENEUVE-SUR-LOT
49.6%
CORBEIL-ESSONNES
49.5%
AULNAY-SOUS-BOIS
49.4%
SAINT-CHAMOND
49.3%
LA FLECHE
48.7%
VITRY-SUR-SEINE
48.4%
ISSOUDUN
48.4%
CHELLES
48.4%
LUNEVILLE
48.3%
LES ABYMES
48.2%
VENDOME
47.6%
SARTROUVILLE
47.2%
MARMANDE
46.9%
PROPRIANO
46.6%
SAINT-MARTIN-D'HERES
46.5%
LANGRES
46.5%
GERARDMER
46.5%
LE CREUSOT
46.4%
MONTIGNY-LES-METZ
45.8%
EMBRUN
45.7%
AUBUSSON
45.6%
SAINT-CLAUDE
45.1%
TOURNEFEUILLE
44.8%
SAINT-MAUR-DES-FOSSES
44.8%
RETHEL
44.7%
ROMORANTIN-LANTHENAY
44.5%
AMBERIEU-EN-BUGEY
43.2%
LANESTER
42.9%
FLERS
42.8%
YSSINGEAUX
42.5%
ARGENTAN
42.4%
VERNON
42.4%
SAINT-LAURENT-DU-MARONI
42.3%
VILLEFRANCHE-DE-ROUERGUE
42.2%
BIGUGLIA
42.1%
CASTELSARRASIN
42%
LURE
41.9%
BRESSUIRE
41.7%
OLIVET
41.4%
LAMENTIN
41.3%
HEROUVILLE-SAINT-CLAIR
41.2%
BAGNERES-DE-BIGORRE
40.7%
CANET-EN-ROUSSILLON
40.7%
PARTHENAY
40.5%
SAINT-JUNIEN
40%
SAINT-PAUL-LES-DAX
39.8%
COURNON-D'AUVERGNE
39.8%
GAILLAC
39.7%
LE ROBERT
39.5%
MARVEJOLS
39.4%
ARPAJON-SUR-CERE
39.3%
COMMERCY
39.3%
BAGNOLS-SUR-CEZE
39.2%
SAINT-AMAND-MONTROND
39.1%
LES HERBIERS
38.9%
LAVELANET
38.4%
CHATEAU-GONTIER
37.7%
MOISSAC
37.5%
JOIGNY
37.3%
LE GOSIER
37.1%
GOURDON
37.1%
CHALLANS
36.9%
DELLE
36.9%
COSNE-COURS-SUR-LOIRE
36.8%
SOYAUX
36.3%
L'ISLE-JOURDAIN
36.1%
LOUVIERS
36%
SAINT-CYR-SUR-LOIRE
36%
LUCE
35.8%
CHENOVE
35.5%
HERICOURT
35.4%
ROMILLY-SUR-SEINE
35.3%
PLERIN
35.3%
BAIE-MAHAULT
35.2%
SAINT-ESTEVE
35.1%
PANAZOL
34.8%
MATOURY
34.5%
VALDOIE
34.4%
DEOLS
34.3%
MONISTROL-SUR-LOIRE
33.7%
LA CHAPELLE-SAINT-LUC
33.5%
EQUEURDREVILLE-HAINNEVILLE
33.5%
FLEURY-LES-AUBRAIS
33.1%
GUILHERAND-GRANGES
32.8%
SAINT-CHELY-D'APCHER
32.6%
BUXEROLLES
32.5%
VARENNES-VAUZELLES
29.9%
Quiz Playlist
Details
Report
Send in Message
Add To Playlist
More Info:
Have a good luck! The full name of the city is required (for example : CANARD SUR RIVIERE and not only CANARD or CANARD / RIVIERE or CANARD / RIV)
Classic:
Type in answers that appear in a list
Last Updated: Feb 16, 2017
Quiz Scoreboard
CHALLENGE
Sign Up to Join the Scoreboard
Show All
Scores
Hide
Comments
May contain spoilers
Recently Published
9x9 Crossword: Cartoon Network
by jackfrog10
Miscellaneous
3m
College Basketball Coaching Resumes
by pancakes188
Sports
9m
Billboard Blitz: Fleetwood Mac
by CooCooCachoo
Music
15s
More to Explore
Quiz From the Vault
Featured Blog Post
Where Did the Easter Bunny Come From?
hide this ad
You Might Also Like...
Tags
French Quiz
Département
France
French Départements
Today's Top Quizzes in Geography
Browse Geography
hide this ad
Today's Top Quizzes in French
Browse French
Top Contributed Quizzes in Geography
1
Countries of the World - No Outlines Minefield
2
Top 25 Cities of France on a map
3
Any capital of a 'B' country per Continent
4
Any capital of a 'C' country per Continent
5
Closest Countries to UK A-Z
6
Any capital of a 'D' country per Continent
7
5-to-1: US Geography No Hints
8
Any capital of an 'E' country per Continent
9
Find the US States - No Outlines
10
Any capital of an 'F' country per Continent
Explore More
Trending Topics
Crossword
NBA
Harry Potter
Kpop
Marvel
Anime
Disney
Pokémon
Song
Soccer
NFL
Country
The Office
WWE
Puzzle
hide this ad
More By:
werdok
Quiz
Plays
Rating
Category
Featured
Created
French Cities by department TOP 3
2,137
4.83
Geography
Oct 3, 2012
French Soccer Ligue 2
1,895
5.00
Sports
Sep 12, 2012
100 most populous cities of France
719
5.00
Geography
Sep 26, 2012
French Soccer Ligue 2 - Nineties
516
5.00
Sports
Oct 1, 2012
French Soccer Ligue 2 - The 80's - Part II
340
5.00
Sports
Oct 1, 2012
Go to Creator's Profile
Score Distribution
Quiz Creator Spotlight
werdok
Follow
Send a Message
Quizzes Created
-
Created Quiz Play Count
-
More By This Creator
Popular Quizzes Today
1
Find the US States - No Outlines Minefield
2
Find the Countries of Europe - No Outlines Minefield
3
The Countries of the World
4
Find the US States
5
Risky Map Clicking: Biggest States A-Z
6
US States
7
Popular People in 1961
8
Movies - When Are They Set?
More Geography Quizzes
'E' Words in Countries Official Names
Quiz Lab
Trending Quizzes
Risky Map Clicking: Least Populous States A-Z
1-10 Letter G Words
Risky Map Clicking: Next State Alphabetically
Adjectives in 80s TV Shows
Risky Map Clicking: Biggest States A-Z
Recently Updated
Leaping Animals
pecheneg
Reality TV Shows (A-Z)
bhenderson79
Rickey Henderson's Hall of Fame Teammates
pecheneg
Champions League XIs: Arsenal
pecheneg
Quick Pick: Celebrities in WWE's Hall of Fame
aduchscher
A-Z Keypad Blitz II
pecheneg
Multiple Oscar Actors
pecheneg
Mystery Phrase Blitz: Oscar 'Best Actors'
pecheneg
F. Scott Fitzgerald Novels
LTH
Pick 3 Villains
ddd62291
Trending Topics
Disney
Marvel
Crossword
Anime
NBA
Harry Potter
Kpop
Puzzle
NFL
WWE
Soccer
Pokémon
The Office
Country
Song
Your Account Isn't Verified!
In order to create a playlist on Sporcle, you need to verify the email address you used during registration. Go to your
Sporcle Settings
to finish the process.
Report this User
Report this user for behavior that violates our
Community Guidelines
.
Details:
Send Report
Go to the Sporcle.com Mobile Site →
Comments